| 000 | 00423nam a2200181Ia 4500 | ||
|---|---|---|---|
| 001 | 18998 | ||
| 005 | 20260306171711.0 | ||
| 008 | 260306s9999||||xx |||||||||||||| ||und|| | ||
| 041 | _aESP | ||
| 082 |
_a658.72 _bL37 2000 |
||
| 100 |
_aLeenders, Michiel R. _eAUT |
||
| 245 | 0 | _aAdministración de compras y materiales | |
| 260 | _c1999 | ||
| 300 |
_a _c |
||
| 650 | _aGEN | ||
| 654 | _aCAN | ||
| 942 |
_cLIB _dJUS _fJUS _2ddc _n |
||
| 999 |
_c18998 _d18998 |
||